01485nam a22003614a 4500001001200000003000800012006001900020007001500039008004100054010001700095020001500112040002100127035002100148043001200169050002900181082002200210245012500232260004300357300002500400500007500425504005100500533015200551650005700703650005300760650005500813655002900868700002100897700002300918700002400941710001700965856012600982999001501108ebr10265282CaPaEBRm u cr cn|||||||||050823s2006 nyua sb 101 0 eng  z 2005054062 z0826142443 aCaPaEBRcCaPaEBR a(OCoLC)287302266 an-us---14aBF724.85.G73bS66 2006eb04a155.9/37/084622200aSpousal bereavement in late lifeh[electronic resource] /cDeborah Carr, Randolph M. Nesse, Camille B. Wortman, editors. aNew York :bSpringer Pub. Co.,cc2006. axxxi, 336 p. :bill. aBased on a conference held in June 2002 at the University of Michigan. aIncludes bibliographical references and index. aElectronic reproduction.bPalo Alto, Calif. :cebrary,d2013.nAvailable via World Wide Web.nAccess may be limited to ebrary affiliated libraries. 0aBereavement in old agezUnited StatesvCase studies. 0aWidowszUnited StatesxPsychologyvCase studies. 0aWidowerszUnited StatesxPsychologyvCase studies. 7aElectronic books.2local1 aCarr, Deborah S.1 aNesse, Randolph M.1 aWortman, Camille B.2 aebrary, Inc.40uhttp://site.ebrary.com/lib/rucke/Doc?id=10265282zAn electronic book accessible through the World Wide Web; click to view c9852d9852